000 02169cam a22004094a 4500
999 _c2745
_d2745
001 .b2984955x
003 NhCcYBP
005 20230818113518.0
008 201019s2008 enka 000 1 eng d
020 _a9780194791274
_q(pbk.) :
020 _a0194791270
035 _a(OCoLC)192082233
037 _a51929
_bTVG
040 _aY$E
_beng
_cY$E
_dOCLCG
_dTVG
_dZ5U
_dGO4
_dOCLCF
_dOCLCO
_dOCLCQ
_dOCLCO
_dOVY
_dOCLCO
_dKH8
_dS1C
_dOCLCO
_dNhCcYBP
_dRDI
042 _anbic
082 0 4 _a428.6 HOP
_223
100 1 _aHope, Anthony,
_eauthor.
245 1 4 _aThe prisoner of Zenda /
_cAnthony Hope ; retold by Diane Mowat ; illustrated by Alan Marks.
250 _aSimplified ed.
260 _aOxford ;
_aNew York :
_bOxford University Press,
_c©2008.
300 _a72 pages :
_billustrations ;
_c20 cm.
336 _atext
_btxt
_2rdacontent.
337 _aunmediated
_bn
_2rdamedia.
338 _avolume
_bnc
_2rdacarrier.
490 1 _aOxford bookworms library. Stage 3. Thriller & adventure.
500 _a"First published in Oxford bookworms 1993"--Title page verso.
505 0 _aThe Rassendylls and the Elphbergs -- The colour of men's hair -- The king goes to his coronation -- My adventures begin -- His Majesty returns to Strelsau -- An adventure with a tea-table -- For love of the king -- Back to Zenda -- News of the prisoner -- A night outside the castle -- A dangerous plan -- The prisoner and the king -- Goodbye to Ruritania.
520 _aWe must leave for Zenda at once, to find the King, cried Sapt. If we're caught, we'll all be killed. So Rudolf Rassendyll and Sapt gallop through the night to find the King of Ruritania. But the king is now a prisoner in the Castle of Zenda. Who will rescue him from his enemies, the dangerous Duke Michael and Rupert of Hantzau? And who will win the heart of the beautiful Princess Flavia?
650 0 _aReaders for new literates.
650 0 _aBritish
_zForeign countries
_vFiction.
650 0 _aImpostors and imposture
_vFiction.
700 1 _aMarks, Alan,
_d1957-
700 1 _aMowat, Diane.
830 0 _aOxford bookworms library.
_nStage 3.
_pThriller & adventure.
942 _2ddc
_cTR